[Event "PRO League Group Stage"]
[Site "chess.com INT"]
[Date "2018.01.25"]
[Round "2"]
[White "Rosenthal, Nicholas"]
[Black "Patel, Advait"]
[Result "0-1"]
[BlackTitle "IM"]
[WhiteElo "2169"]
[BlackElo "2478"]
[WhiteTeam "Miami Champions"]
[BlackTeam "Montclair Sopranos"]
[WhiteFideId "2045150"]
[BlackFideId "2075105"]
[EventDate "2018.01.18"]

1. e4 e5 2. Nf3 Nc6 3. Bc4 Nf6 4. d3 h6 5. c3 d6 6. Bb3 g6 7. O-O Bg7 8. Qe2 O-O
9. Rd1 Re8 10. Nbd2 Be6 11. Bc2 d5 12. Nf1 Qe7 13. Ng3 Rad8 14. a3 Nd7 15. b4
Nb6 16. Be3 dxe4 17. dxe4 Bc4 18. Bd3 Bb3 19. Rdb1 Qe6 20. Nd2 Ba4 21. b5 Na5
22. Bxb6 axb6 23. Rb4 Qd7 24. Rxa4 Qxd3 25. Qxd3 Rxd3 26. Ngf1 Rxc3 27. Ne3 Rd8
28. Nd5 Rc5 29. Nf1 f5 30. f3 Kf7 31. Nfe3 Bf8 32. Rb4 c6 33. bxc6 bxc6 34. Nxb6
Rc3 35. Ra4 Bc5 36. Rxa5 Bxe3+ 37. Kh1 Bxb6 38. Rxe5 Kf6 39. f4 Rxa3 40. Rc1 Rc3
41. Rf1 Bc7 42. exf5 Bxe5 43. fxe5+ Kxe5 44. fxg6 Rg8 0-1

[Event "PRO League Group Stage"]
[Site "chess.com INT"]
[Date "2018.01.25"]
[Round "2"]
[White "Vazquez, Guillermo"]
[Black "Gorovets, Andrey"]
[Result "1/2-1/2"]
[WhiteTitle "IM"]
[BlackTitle "GM"]
[WhiteElo "2436"]
[BlackElo "2517"]
[WhiteTeam "Rio Grande Ospreys"]
[BlackTeam "Dallas Destiny"]
[WhiteFideId "3702308"]
[BlackFideId "13504037"]
[EventDate "2018.01.18"]

1. e4 c5 2. Nf3 e6 3. d4 cxd4 4. Nxd4 a6 5. Nc3 Qc7 6. Qd3 Nc6 7. Nxc6 bxc6 8.
Qg3 d6 9. Bd3 h5 10. Bg5 Nf6 11. O-O Be7 12. Kh1 h4 13. Qe3 Ng4 14. Qd2 d5 15.
Bf4 e5 16. f3 Nf6 17. Bg5 Nh5 18. exd5 Ng3+ 19. Kg1 Nxf1 20. Kxf1 Bb7 21. dxc6
Bxc6 22. Re1 h3 23. Be4 Rd8 24. Qc1 hxg2+ 25. Kxg2 Bxe4 26. Rxe4 f6 27. Be3 Qd7
28. Rg4 Kf7 29. Qf1 Qe6 30. Rg3 Rb8 31. Bc1 Rb4 32. Kh1 Rbh4 33. Rg2 Qf5 34. Nd5
Bc5 35. Be3 e4 36. Qc4 Rxh2+ 37. Rxh2 Qxf3+ 38. Kg1 Qd1+ 39. Kg2 Qf3+ 40. Kg1
Qd1+ 41. Kg2 Qf3+ 42. Kg1 1/2-1/2

[Event "PRO League Group Stage"]
[Site "chess.com INT"]
[Date "2018.01.25"]
[Round "2"]
[White "Meier, Georg"]
[Black "Lenic, Luka"]
[Result "1/2-1/2"]
[WhiteTitle "GM"]
[BlackTitle "GM"]
[WhiteElo "2647"]
[BlackElo "2662"]
[WhiteTeam "Stockholm Snowballs"]
[BlackTeam "Ljubljana Turtles"]
[WhiteFideId "4675789"]
[BlackFideId "14603853"]
[EventDate "2018.01.18"]

1. Nf3 e6 2. g3 b5 3. Bg2 Bb7 4. O-O c5 5. c3 Nf6 6. d4 cxd4 7. cxd4 Be7 8. Bg5
O-O 9. e3 d6 10. Qe2 Qb6 11. Rc1 Nbd7 12. Nc3 b4 13. Na4 Qa5 14. Bxf6 Nxf6 15.
Qd1 Rac8 16. Nd2 Bxg2 17. Kxg2 Qb5 18. b3 Qb7+ 19. Kg1 h5 20. Qf3 d5 21. Qe2
Rxc1+ 22. Rxc1 Rc8 23. Qd1 Rc7 24. Nf3 Ne4 25. Ne5 g6 26. f3 Nd6 27. Nd3 Nf5 28.
Kf2 a5 29. Rxc7 Qxc7 30. Qc1 Qb8 31. Qc6 Bd6 32. f4 Qc7 33. Qxc7 Bxc7 34. Ke2
Ne7 35. Ndc5 Nc6 36. Kd3 Kf8 37. e4 Ke7 38. Na6 Bd8 39. N6c5 Bc7 40. Na6 Bd8 41.
N6c5 Bc7 1/2-1/2

[Event "PRO League Group Stage"]
[Site "chess.com INT"]
[Date "2018.01.25"]
[Round "2"]
[White "Meier, Georg"]
[Black "Sebenik, Matej"]
[Result "1-0"]
[WhiteTitle "GM"]
[BlackTitle "GM"]
[WhiteElo "2647"]
[BlackElo "2551"]
[WhiteTeam "Stockholm Snowballs"]
[BlackTeam "Ljubljana Turtles"]
[WhiteFideId "4675789"]
[BlackFideId "14602296"]
[EventDate "2018.01.18"]

1. Nf3 Nf6 2. g3 c5 3. Bg2 g6 4. b3 Bg7 5. Bb2 O-O 6. c4 d5 7. cxd5 Nxd5 8. Bxg7
Kxg7 9. O-O Nc6 10. d4 cxd4 11. Nxd4 Nxd4 12. Qxd4+ Nf6 13. Qe5 Qb6 14. Nc3 Be6
15. Na4 Qb4 16. Qc5 a5 17. Qxb4 axb4 18. Bxb7 Ra5 19. Rfc1 Rd8 20. Rc5 Ra7 21.
Bc6 Rd2 22. Kf1 Nd7 23. Rcc1 Ne5 24. Ke1 Rd6 25. Bg2 Bd7 26. Nc5 Bb5 27. Rc2 Nc6
28. Bxc6 Rxc6 29. Rac1 Rac7 30. Kd2 Rd6+ 31. Ke3 Rdc6 32. Kd2 Rd6+ 33. Nd3 Rcd7
34. Rc7 Rd8 35. Rc8 R8d7 36. R1c7 Bxd3 37. Rxd7 Rxd7 38. exd3 Ra7 39. Rc2 Kf6
40. d4 Ke6 41. Kd3 Kd5 42. g4 g5 43. Rc5+ Kd6 44. Rxg5 Rxa2 45. Rf5 f6 46. Kc4
Rd2 47. h4 h6 48. f3 Rh2 49. h5 Rd2 50. d5 Rc2+ 51. Kxb4 Rc1 52. Kb5 Rc3 53. b4
Rb3 54. Ka5 Ra3+ 55. Kb6 Rb3 56. b5 Rb1 57. Rf4 Kxd5 58. Kc7 Rxb5 59. Rf5+ e5
60. Rxf6 Rb3 61. Rd6+ Kc5 62. Rxh6 Rxf3 63. Rg6 e4 64. h6 e3 65. Re6 Kd5 66. Re7
Rf6 67. h7 1-0

[Event "PRO League Group Stage"]
[Site "chess.com INT"]
[Date "2018.01.25"]
[Round "2"]
[White "Akobian, Varuzhan"]
[Black "Cervantes Landeiro, Thalia"]
[Result "1-0"]
[WhiteTitle "GM"]
[BlackTitle "WFM"]
[WhiteElo "2647"]
[BlackElo "2128"]
[WhiteTeam "Saint Louis Arch Bishops"]
[BlackTeam "Webster Windmills"]
[WhiteFideId "13300580"]
[BlackFideId "3520498"]
[EventDate "2018.01.18"]

1. d4 Nf6 2. c4 g6 3. Nc3 d5 4. Nf3 Bg7 5. cxd5 Nxd5 6. e4 Nxc3 7. bxc3 c5 8.
Be3 O-O 9. Qd2 b6 10. Rc1 Bb7 11. Bd3 Nd7 12. Bh6 Nf6 13. Bxg7 Kxg7 14. Qf4 Nh5
15. Qe3 Qc7 16. O-O Qf4 17. Qe2 Qg4 18. h3 Qd7 19. Qe3 Rfd8 20. d5 e6 21. c4
exd5 22. cxd5 Qe7 23. Rfe1 Nf6 24. Bc4 Nd7 25. e5 Nb8 26. d6 Qf8 27. Ng5 Nc6 28.
Nxf7 Re8 29. Qh6+ 1-0

[Event "PRO League Group Stage"]
[Site "chess.com INT"]
[Date "2018.01.25"]
[Round "2"]
[White "Akobian, Varuzhan"]
[Black "Cori, Jorge"]
[Result "1-0"]
[WhiteTitle "GM"]
[BlackTitle "GM"]
[WhiteElo "2647"]
[BlackElo "2660"]
[WhiteTeam "Saint Louis Arch Bishops"]
[BlackTeam "Webster Windmills"]
[WhiteFideId "13300580"]
[BlackFideId "3802272"]
[EventDate "2018.01.18"]

1. d4 Nf6 2. c4 e6 3. Nf3 Be7 4. d5 b5 5. dxe6 fxe6 6. cxb5 O-O 7. Nc3 Bb7 8.
Bg5 Nd5 9. Bxe7 Qxe7 10. e3 a6 11. bxa6 Nxa6 12. Nxd5 Bxd5 13. Be2 Rfb8 14. b3
Nb4 15. a3 Nc6 16. Bc4 Bxf3 17. gxf3 Na5 18. Qc2 d5 19. Bd3 Nxb3 20. Rb1 Rxa3
21. Bxh7+ Kf8 22. O-O c5 23. f4 c4 24. f5 Ra6 25. Rfd1 Rd8 26. Qe2 Qg5+ 27. Kh1
Rad6 28. fxe6 Rxe6 29. Rg1 Qh4 30. Bf5 Rh6 31. Rg2 Rdd6 32. Rbg1 g6 33. Bc2 Kg7
34. Bxb3 cxb3 35. Qb2+ Kh7 36. Qxb3 Rh5 37. Qb7+ Kh6 38. Qf7 Rf6 39. Rxg6+ 1-0

[Event "PRO League Group Stage"]
[Site "chess.com INT"]
[Date "2018.01.25"]
[Round "2"]
[White "Hammer, Jon Ludvig"]
[Black "Puranik, Abhimanyu"]
[Result "1/2-1/2"]
[WhiteTitle "GM"]
[BlackTitle "GM"]
[WhiteElo "2621"]
[BlackElo "2520"]
[WhiteTeam "Norway Gnomes"]
[BlackTeam "Mumbai Movers"]
[WhiteFideId "1503707"]
[BlackFideId "5061245"]
[EventDate "2018.01.18"]

1. d4 Nf6 2. c4 g6 3. g3 Bg7 4. Bg2 d5 5. cxd5 Nxd5 6. Nf3 Nb6 7. O-O Nc6 8. e3
O-O 9. Nc3 Re8 10. a3 e5 11. d5 Na5 12. Qc2 e4 13. Nd4 Nxd5 14. Nxe4 Bxd4 15.
exd4 Bf5 16. b4 Nb3 17. Nf6+ Nxf6 18. Qxb3 Be4 19. Bh3 Qd5 20. Qxd5 Nxd5 21. Bd2
c6 22. Rfe1 Nb6 23. Bf1 Bd5 24. Rxe8+ Rxe8 25. Re1 Rxe1 26. Bxe1 Bc4 27. Bh3 Be6
28. Bf1 Bc4 29. Bh3 Be6 30. Bf1 Bc4 1/2-1/2

[Event "PRO League Group Stage"]
[Site "chess.com INT"]
[Date "2018.01.25"]
[Round "2"]
[White "Khachiyan, Melikset"]
[Black "Nakamura, Hikaru"]
[Result "0-1"]
[WhiteTitle "GM"]
[BlackTitle "GM"]
[WhiteElo "2522"]
[BlackElo "2781"]
[WhiteTeam "Las Vegas Desert Rats"]
[BlackTeam "Seattle Sluggers"]
[WhiteFideId "13300512"]
[BlackFideId "2016192"]
[EventDate "2018.01.18"]

1. e4 c6 2. d4 d5 3. Nc3 dxe4 4. Nxe4 Bf5 5. Ng3 Bg6 6. h4 h6 7. Nf3 e6 8. h5
Bh7 9. Bd3 Bxd3 10. Qxd3 Nf6 11. Bd2 Be7 12. O-O-O O-O 13. Kb1 c5 14. Be3 Nbd7
15. dxc5 Nxc5 16. Qxd8 Rfxd8 17. Ne5 Nd5 18. Bxc5 Bxc5 19. Ne4 Be7 20. c4 Nf6
21. Nxf6+ gxf6 22. Nf3 Bc5 23. Rxd8+ Rxd8 24. Rf1 f5 25. Kc2 Kg7 26. a3 a5 27.
b4 axb4 28. axb4 Bxb4 29. Rb1 Bc5 30. Rxb7 Kf6 31. Rc7 Bxf2 32. c5 Rd5 33. c6 e5
34. Rd7 Rc5+ 35. Kd2 e4 36. Rd6+ Ke7 37. Rd7+ Ke6 38. Nd4+ Bxd4 39. Rxd4 Rxc6
40. Ke3 Ke5 41. Rd7 f4+ 42. Kf2 Kf6 43. Rd4 Kf5 44. Rd7 Kf6 45. Rd4 Re6 46. g3
Kg5 47. gxf4+ Kxf4 0-1

[Event "PRO League Group Stage"]
[Site "chess.com INT"]
[Date "2018.01.25"]
[Round "2"]
[White "Khachiyan, Melikset"]
[Black "He, Anthony"]
[Result "1-0"]
[WhiteTitle "GM"]
[BlackTitle "FM"]
[WhiteElo "2522"]
[BlackElo "2246"]
[WhiteTeam "Las Vegas Desert Rats"]
[BlackTeam "Seattle Sluggers"]
[WhiteFideId "13300512"]
[BlackFideId "2088215"]
[EventDate "2018.01.18"]

1. d4 Nf6 2. Bf4 g6 3. Nc3 d5 4. Qd2 Bg7 5. O-O-O O-O 6. f3 c5 7. dxc5 Qa5 8.
Kb1 d4 9. Ne4 Qxd2 10. Nxf6+ Bxf6 11. Bxd2 Rd8 12. Ba5 Rd5 13. e3 b6 14. c4 Rd7
15. cxb6 Nc6 16. Be1 dxe3 17. Rxd7 Bxd7 18. Bd3 axb6 19. Ne2 Ne5 20. Be4 Rc8 21.
b3 b5 22. cxb5 Bxb5 23. Nf4 e6 24. Bg3 h5 25. Rc1 Rd8 26. Be1 Bg5 27. g3 e2 28.
Ba5 Rd1 29. Kc2 Rd7 30. Re1 Ra7 31. Bc3 Nc6 32. a4 f5 33. axb5 fxe4 34. fxe4 Ne7
35. Nxe6 Be3 36. Rxe2 Bb6 37. Kd3 Rd7+ 38. Kc4 Nc8 39. e5 Re7 40. Nf4 Rc7+ 41.
Kd3 Rd7+ 42. Kc2 Ne7 43. e6 Rc7 44. Kd3 Rc5 45. Bb4 Rxb5 46. Bxe7 Rxb3+ 47. Kc4 1-0

[Event "PRO League Group Stage"]
[Site "chess.com INT"]
[Date "2018.01.25"]
[Round "2"]
[White "Nagle, Sean"]
[Black "Della Morte, German"]
[Result "1-0"]
[WhiteTitle "IM"]
[BlackTitle "IM"]
[WhiteElo "2432"]
[BlackElo "2353"]
[WhiteTeam "Minnesota Blizzard"]
[BlackTeam "Buenos Aires Krakens"]
[WhiteFideId "2013878"]
[BlackFideId "113522"]
[EventDate "2018.01.18"]

1. Nf3 Nf6 2. c4 e6 3. g3 d5 4. Bg2 Be7 5. O-O O-O 6. d4 dxc4 7. Qc2 b6 8. Qxc4
Bb7 9. Nc3 Nbd7 10. Ne5 Bxg2 11. Kxg2 Nxe5 12. dxe5 Nd7 13. f4 Qc8 14. Qc6 a6
15. Be3 Bc5 16. Rad1 Nxe5 17. fxe5 Bxe3 18. Rf3 Bh6 19. Ne4 Qe8 20. Qxe8 Raxe8
21. g4 Rd8 22. Rxd8 Rxd8 23. g5 Rd4 24. Rd3 Rxd3 25. exd3 Bxg5 26. Nxg5 h6 27.
Ne4 Kh7 28. Kf3 Kg6 29. d4 Kf5 30. h4 f6 31. Ng3+ Kg6 32. Kf4 Kf7 33. h5 f5 34.
d5 exd5 35. Kxf5 d4 36. Ke4 c5 37. Nf5 b5 38. Kd5 d3 39. e6+ Ke8 40. Kxc5 d2 41.
Ne3 a5 42. Kd6 Kd8 43. e7+ Ke8 44. Ke6 1-0

[Event "PRO League Group Stage"]
[Site "chess.com INT"]
[Date "2018.01.25"]
[Round "2"]
[White "Nagle, Sean"]
[Black "Mareco, Sandro"]
[Result "1-0"]
[WhiteTitle "IM"]
[BlackTitle "GM"]
[WhiteElo "2432"]
[BlackElo "2632"]
[WhiteTeam "Minnesota Blizzard"]
[BlackTeam "Buenos Aires Krakens"]
[WhiteFideId "2013878"]
[BlackFideId "112275"]
[EventDate "2018.01.18"]

1. Nf3 d5 2. d4 c6 3. c4 Nf6 4. cxd5 cxd5 5. Nc3 Nc6 6. Bf4 a6 7. Rc1 Bf5 8. e3
e6 9. Qb3 Bb4 10. Be2 O-O 11. O-O Qe7 12. Na4 Na5 13. Qd1 Ne4 14. Nb6 Rad8 15.
Rc7 Qe8 16. a3 Bd6 17. Bxd6 Rxd6 18. Nc8 Rd7 19. Rxd7 Qxd7 20. Nb6 Qc7 21. Na4
Nc4 22. Bxc4 dxc4 23. Nh4 b5 24. Nxf5 exf5 25. Nc3 Nxc3 26. bxc3 f4 27. e4 Qe7
28. a4 Qxe4 29. axb5 axb5 30. Re1 Qa8 31. h3 g6 32. Re5 Rb8 33. Qb1 Qc6 34. Rc5
Qe8 35. Re5 Qc6 36. Rc5 Qb7 37. Qd1 h5 38. Qe2 Rc8 39. Qe5 Rxc5 40. dxc5 Qc6 41.
Qb8+ Kg7 42. Qb6 Qf6 43. c6 Kh7 44. Qc5 Qe6 45. c7 Qc8 46. Qd6 f3 47. Qd8 1-0

[Event "PRO League Group Stage"]
[Site "chess.com INT"]
[Date "2018.01.25"]
[Round "2"]
[White "Agdestein, Simen"]
[Black "Abhishek, Kelkar"]
[Result "0-1"]
[WhiteTitle "GM"]
[BlackTitle "IM"]
[WhiteElo "2586"]
[BlackElo "2378"]
[WhiteTeam "Norway Gnomes"]
[BlackTeam "Mumbai Movers"]
[WhiteFideId "1500015"]
[BlackFideId "5019257"]
[EventDate "2018.01.18"]

1. d4 d5 2. c4 c6 3. Nf3 Nf6 4. Qc2 dxc4 5. Qxc4 Bf5 6. g3 e6 7. Bg2 Be7 8. O-O
Nbd7 9. e3 h6 10. Nc3 O-O 11. Qe2 Ne4 12. Rd1 Nxc3 13. bxc3 Be4 14. Bf1 c5 15.
Nd2 Bc2 16. Re1 cxd4 17. exd4 Nf6 18. Bg2 Rc8 19. Bb2 Bg6 20. c4 Bb4 21. Rec1 b6
22. Nb3 Qd7 23. c5 Qa4 24. Qc4 b5 25. Qe2 Nd5 26. h4 Rfe8 27. h5 Bh7 28. Bf3 Ba5
29. Nxa5 Qxa5 30. a4 b4 31. Qc4 Qd8 32. a5 Qf6 33. Qe2 Qg5 34. Kh2 b3 35. Re1
Bc2 36. Ra4 Red8 37. Qe5 Qd2 38. Qe2 Qg5 39. Bg2 Qf5 40. f4 Bd3 41. Qd1 Bb5 42.
Ra3 Nf6 43. Kg1 Rxc5 44. Qxb3 Rc2 45. Re5 Rxg2+ 46. Kxg2 Bc6+ 47. Kf1 Qh3+ 48.
Ke1 Bd5 49. Qd3 Rb8 50. Bc1 Qh2 51. Qe2 Qg1+ 52. Qf1 Qxd4 53. Qf2 Qb4+ 54. Qd2
Qc5 55. Qe3 Qb4+ 56. Qc3 Qb1 57. Qc7 Ng4 58. Re2 Qb4+ 59. Rc3 Nf6 60. Rb2 Qe4+
61. Re3 Qh1+ 62. Kd2 Ne4+ 63. Kc2 Rxb2+ 64. Kxb2 Qg2+ 65. Qc2 Qh1 66. g4 Nf6 67.
g5 Nxh5 68. g6 fxg6 69. Qxg6 Nxf4 0-1

[Event "PRO League Group Stage"]
[Site "chess.com INT"]
[Date "2018.01.25"]
[Round "2"]
[White "Agdestein, Simen"]
[Black "Ghosh, Diptayan"]
[Result "0-1"]
[WhiteTitle "GM"]
[BlackTitle "GM"]
[WhiteElo "2586"]
[BlackElo "2556"]
[WhiteTeam "Norway Gnomes"]
[BlackTeam "Mumbai Movers"]
[WhiteFideId "1500015"]
[BlackFideId "5045207"]
[EventDate "2018.01.18"]

1. d4 Nf6 2. c4 e6 3. Nc3 Bb4 4. e3 O-O 5. Bd3 d5 6. cxd5 exd5 7. Bd2 Re8 8.
Nge2 Bd6 9. Qc2 Na6 10. a3 c5 11. Bb5 Bd7 12. Bxd7 Qxd7 13. dxc5 Nxc5 14. O-O
Rac8 15. Rfd1 Qg4 16. h3 Qh5 17. Be1 Nce4 18. Qd3 Nc5 19. Qb1 Qe5 20. Nf4 d4 21.
Rxd4 Nb3 22. Rd1 Nxa1 23. Qxa1 Red8 24. Qb1 Bb8 25. h4 h6 26. g3 g5 27. Ng2 Qe6
28. Ne2 Be5 29. Rxd8+ Rxd8 30. hxg5 hxg5 31. f4 gxf4 32. gxf4 Bc7 33. Nd4 Qg4
34. Qd3 Bb6 35. Bc3 Rd5 36. Kf2 Qh3 37. Qe2 Ne4+ 38. Ke1 Qg3+ 39. Kf1 Rh5 40.
Qf3 Qxf3+ 41. Nxf3 Nxc3 42. bxc3 Ra5 43. Ke2 Rxa3 44. c4 Rc3 45. Nd2 a5 46. Ne1
a4 0-1

[Event "PRO League Group Stage"]
[Site "chess.com INT"]
[Date "2018.01.25"]
[Round "2"]
[White "Melkumyan, Hrant"]
[Black "Kovalenko, Igor"]
[Result "1-0"]
[WhiteTitle "GM"]
[BlackTitle "GM"]
[WhiteElo "2654"]
[BlackElo "2635"]
[WhiteTeam "Armenia Eagles"]
[BlackTeam "Riga Magicians"]
[WhiteFideId "13302485"]
[BlackFideId "14117908"]
[EventDate "2018.01.18"]

1. d4 Nf6 2. Nf3 g6 3. g3 Bg7 4. Bg2 O-O 5. O-O d6 6. b3 Nbd7 7. Bb2 a5 8. c4 a4
9. Nbd2 c6 10. Qc2 Qa5 11. Bc3 Qa6 12. Rfc1 Re8 13. e3 e5 14. b4 e4 15. Ne1 d5
16. c5 Nf8 17. Bf1 Qa7 18. b5 h5 19. Rab1 h4 20. Rb4 hxg3 21. hxg3 a3 22. Rcb1
N8h7 23. Qb3 Ng5 24. bxc6 bxc6 25. Rb8 Rxb8 26. Qxb8 Qd7 27. Qd6 Nh3+ 28. Bxh3
Qxh3 29. Rb8 Bd7 30. Ba5 Rxb8 31. Qxb8+ Kh7 32. Qf4 Ng4 33. Nf1 Bc8 34. f3 exf3
35. Nxf3 f6 36. N3h2 g5 37. Qf3 Nh6 38. Bb4 Bf5 39. Qg2 Qh5 40. g4 Bxg4 41. Nxg4
Nxg4 42. Bxa3 Nh6 43. Bb4 Qd1 44. Qd2 Qa4 45. a3 Kg6 46. e4 dxe4 47. d5 cxd5 48.
Qxd5 Qc2 49. c6 Ng4 50. Bc5 Ne5 51. c7 Nf3+ 52. Kh1 Qe2 53. Qf5+ Kf7 54. Qd7+
Kg6 55. Qf5+ Kf7 56. Qh3 g4 57. Qh5+ 1-0

[Event "PRO League Group Stage"]
[Site "chess.com INT"]
[Date "2018.01.25"]
[Round "2"]
[White "Melkumyan, Hrant"]
[Black "Meskovs, Nikita"]
[Result "1/2-1/2"]
[WhiteTitle "GM"]
[BlackTitle "GM"]
[WhiteElo "2654"]
[BlackElo "2546"]
[WhiteTeam "Armenia Eagles"]
[BlackTeam "Riga Magicians"]
[WhiteFideId "13302485"]
[BlackFideId "11602740"]
[EventDate "2018.01.18"]

1. d4 Nf6 2. Nf3 g6 3. Nc3 d5 4. Bf4 Bg7 5. Nb5 Na6 6. e3 O-O 7. h3 c6 8. Nc3
Nc7 9. Be2 b6 10. O-O Bb7 11. a4 a5 12. Ne5 Nfe8 13. Bh2 Nd6 14. Nb1 Re8 15. Nd2
f6 16. Nef3 e5 17. c4 Na6 18. cxd5 cxd5 19. Qb3 Nb4 20. Rfc1 Rc8 21. Rc3 Qd7 22.
Qd1 Ne4 23. Nxe4 dxe4 24. Bb5 Bc6 25. Rxc6 Rxc6 26. Qb3+ Qe6 27. Nd2 exd4 28.
Bxc6 Nxc6 29. Qxb6 dxe3 30. fxe3 Qd5 31. Nf1 Bf8 32. Rc1 Re6 33. Qb5 Nb4 34. Rc8
Kf7 35. Qb8 Bg7 36. Rc7+ Re7 37. Rxe7+ Kxe7 38. Qc7+ Qd7 39. Qc5+ Kf7 40. Qxa5
Nd3 41. Qb5 Qxb5 42. axb5 Ke6 43. b6 Nc5 44. Nd2 Kd5 45. b4 Nb7 46. Nb3 Kc6 47.
Bc7 f5 48. Na5+ Nxa5 49. bxa5 Kb7 50. g4 fxg4 51. hxg4 h5 52. gxh5 gxh5 53. Kg2
Bc3 54. Kg3 Bxa5 55. Kf4 h4 56. Kxe4 Bxb6 57. Bxb6 Kxb6 58. Kf4 Kc5 59. Kg4 Kd5
60. Kxh4 Ke4 61. Kh3 Kxe3 1/2-1/2

[Event "PRO League Group Stage"]
[Site "chess.com INT"]
[Date "2018.01.25"]
[Round "2"]
[White "Hasangatin, Ramil"]
[Black "Ehlvest, Jaan"]
[Result "0-1"]
[WhiteTitle "GM"]
[BlackTitle "GM"]
[WhiteElo "2502"]
[BlackElo "2536"]
[WhiteTeam "Volga Stormbringers"]
[BlackTeam "Estonia Horses"]
[WhiteFideId "4122160"]
[BlackFideId "4500016"]
[EventDate "2018.01.18"]

1. d4 d6 2. e4 g6 3. Nc3 Bg7 4. Nf3 Nf6 5. h3 O-O 6. Be3 a6 7. a4 Nc6 8. d5 Nb4
9. a5 e6 10. Ra4 c5 11. dxe6 Bxe6 12. Ng5 Bd7 13. Ra1 Bc6 14. Bd3 Qe7 15. O-O h6
16. Nf3 Nxe4 17. Nxe4 Bxe4 18. Bxe4 Qxe4 19. c3 Nc2 20. Nd2 Qf5 21. g4 Qd3 22.
Nb3 Qxd1 23. Raxd1 Nxe3 24. fxe3 c4 25. Nd2 d5 26. Kg2 Rac8 27. Kf3 Rc5 28. Ra1
Rb8 29. Ra4 b5 30. axb6 Rxb6 31. Ra2 Rcb5 32. Rb1 Bxc3 33. bxc3 Rxb1 34. Nxb1
Rxb1 35. Rxa6 Rd1 36. Kf4 Rd3 37. Ra5 Kg7 38. h4 Kf6 39. Ra6+ Ke7 40. Ra5 g5+
41. hxg5 hxg5+ 42. Kxg5 Rxe3 43. Rxd5 Rxc3 44. Rc5 Kd6 45. Rc8 Kd5 46. Rc7 Rf3
47. Rd7+ Kc5 48. Rc7+ Kb4 49. Kh6 c3 50. Kg7 Kb3 51. g5 c2 52. Rb7+ Ka2 53. Rc7
Kb2 0-1

[Event "PRO League Group Stage"]
[Site "chess.com INT"]
[Date "2018.01.25"]
[Round "2"]
[White "Hasangatin, Ramil"]
[Black "Kanep, Meelis"]
[Result "1-0"]
[WhiteTitle "GM"]
[BlackTitle "GM"]
[WhiteElo "2502"]
[BlackElo "2446"]
[WhiteTeam "Volga Stormbringers"]
[BlackTeam "Estonia Horses"]
[WhiteFideId "4122160"]
[BlackFideId "4501047"]
[EventDate "2018.01.18"]

1. d4 Nf6 2. Nf3 g6 3. Nc3 d5 4. Bf4 c6 5. e3 Nbd7 6. h3 Bg7 7. Be2 O-O 8. O-O
b5 9. b4 a5 10. Qb1 a4 11. Bd3 Nb6 12. Qe1 Nc4 13. Qe2 a3 14. Rab1 Bf5 15. Ne5
Qc8 16. Bxf5 gxf5 17. Nxc4 dxc4 18. Be5 Nd5 19. Nxd5 cxd5 20. Bxg7 Kxg7 21. f3
Qe6 22. Rbe1 Rfd8 23. c3 Ra7 24. Qf2 Qg6 25. Qh4 Qf6 26. Qf4 Rd6 27. Re2 Kf8 28.
Rfe1 Rb7 29. e4 fxe4 30. Qxf6 Rxf6 31. fxe4 Rd7 32. exd5 Rfd6 33. Re5 Rxd5 34.
Kf2 f6 35. Rxd5 Rxd5 36. Re6 Rd6 37. Rxd6 exd6 38. Kf3 Kf7 39. Ke4 Ke6 40. g4
d5+ 41. Kf4 Ke7 42. Kf5 Kf7 43. h4 h6 44. h5 1-0

[Event "PRO League Group Stage"]
[Site "chess.com INT"]
[Date "2018.01.25"]
[Round "2"]
[White "Nakamura, Hikaru"]
[Black "Ostrovskiy, Andrey"]
[Result "1-0"]
[WhiteTitle "GM"]
[BlackTitle "IM"]
[WhiteElo "2781"]
[BlackElo "2448"]
[WhiteTeam "Seattle Sluggers"]
[BlackTeam "Las Vegas Desert Rats"]
[WhiteFideId "2016192"]
[BlackFideId "14110326"]
[EventDate "2018.01.18"]

1. d4 Nf6 2. Bg5 Ne4 3. Bf4 d5 4. e3 e6 5. Bd3 Bd6 6. Ne2 O-O 7. Bxe4 dxe4 8.
Nd2 f5 9. c4 Nc6 10. O-O e5 11. dxe5 Bxe5 12. Qc1 Qf6 13. Bxe5 Nxe5 14. Nf4 Be6
15. Qc2 Rfd8 16. Rad1 Nd3 17. Nxd3 Rxd3 18. Nb3 Rad8 19. Nc5 Rxd1 20. Rxd1 Bc8
21. Nb3 b6 22. Rxd8+ Qxd8 23. c5 Qd5 24. h4 b5 25. Nd4 a6 26. a4 b4 27. c6 Kf7
28. Qd2 Qc4 29. b3 Qc5 30. Nc2 Be6 31. Nd4 Bc8 32. Qd1 g6 33. h5 Qd6 34. Qc1 Qd5
35. Qd2 Qc5 36. Qd1 Qd5 37. h6 Qc5 38. Ne2 Qxc6 39. Qd4 Qd7 40. Qg7+ Ke6 41.
Nf4+ 1-0

[Event "PRO League Group Stage"]
[Site "chess.com INT"]
[Date "2018.01.25"]
[Round "2"]
[White "Nakamura, Hikaru"]
[Black "Dominguez Perez, Leinier"]
[Result "0-1"]
[WhiteTitle "GM"]
[BlackTitle "GM"]
[WhiteElo "2781"]
[BlackElo "2739"]
[WhiteTeam "Seattle Sluggers"]
[BlackTeam "Las Vegas Desert Rats"]
[WhiteFideId "2016192"]
[BlackFideId "3503240"]
[EventDate "2018.01.18"]

1. d4 d5 2. c4 e6 3. Nc3 Nf6 4. Nf3 c5 5. cxd5 Nxd5 6. e4 Nxc3 7. bxc3 cxd4 8.
cxd4 Bb4+ 9. Bd2 Bxd2+ 10. Qxd2 O-O 11. Be2 b6 12. O-O Bb7 13. Qe3 Nc6 14. Rfd1
Qd6 15. e5 Qd5 16. Ne1 Ne7 17. h4 h6 18. Bd3 Rac8 19. Qe2 Nc6 20. Qe4 Qxe4 21.
Bxe4 Rfd8 22. f4 Ba8 23. Nf3 Nb4 24. Bxa8 Rxa8 25. a3 Nc2 26. Ra2 Ne3 27. Rb1
Nd5 28. Rb3 Nxf4 29. a4 Rac8 30. a5 Nd5 31. axb6 axb6 32. Kh2 Rc7 33. Rbb2 Rdc8
34. h5 b5 35. Nd2 b4 36. Ra1 Rc2 37. Rba2 Nf4 38. Nb3 Nxh5 39. Nc5 Rxa2 40. Rxa2
Nf4 41. Rb2 Nd5 42. Ra2 Rb8 43. Nb3 h5 44. Ra7 g5 45. Kg1 Kg7 46. Kf2 Kg6 47.
Kf3 g4+ 48. Kg3 Ne3 49. Kf2 Nf5 50. Ra6 Rd8 51. Rb6 Nxd4 52. Rd6 Rxd6 53. exd6
Nc6 54. d7 Kf6 0-1